000 00652nam a22002177a 4500
003 UA-OsUOA
001 42461
007 ta
008 20061106b un ||||| |||| 00| 0 ukr d
100 _aМосквин В.П.
090 _a81
_bМ-11
942 _cSA
040 _aUA-OsUOA
_brus
_cUA-OsUOA
_dUA-OsUOA
245 _aХудожественный стиль как ситема
300 _aС.65-74
955 _a0
041 _arus
080 _a81
773 0 _w42460
_tФилологические науки
_dМ.
_d2006
_g2
650 7 _a8 Мовознавство. Художня література. Літературознавство
_2UDC
999 _c328601
_d328601